000 00536nam a2200181Ia 4500
005 20250508151420.0
008 008 250505s9999 xx 000 0 eng d
037 _aTextual
040 _aFEDL
_beng
_cFEDL
041 _aeng
_2eng
084 _a309.173, ALL
_qFEDL
100 _aAllen Frederick Lewis
245 0 _aBig change: America transforms itself 1900-1950
260 _aNew York, USA
_bHarper and Brothers Publishers
_c1952
300 _axi,308p
942 _cTEXL
_h309.173, ALL
999 _c1329635
_d1329635